[Event "Pan American-ch School U15"]
[Site "Medellin"]
[Date "2019.11.15"]
[Round "6"]
[White "Fernandez Canela, Menry Francisc"]
[Black "Espinosa Avila, Jose David"]
[Result "1-0"]
[WhiteElo "1584"]
[BlackElo "1424"]
[PlyCount "111"]
[EventDate "2019.11.12"]
[EventType "swiss"]
[EventRounds "9"]
[EventCountry "COL"]
[SourceTitle "CBM 193 Extra"]
[Source "ChessBase"]
[SourceDate "2020.01.31"]
[SourceVersion "1"]
[SourceVersionDate "2020.01.31"]
[SourceQuality "1"]

1. e4 c5 2. Nc3 e6 3. g3 Nc6 4. Bg2 Nf6 5. d3 Be7 6. f4 d6 7. Nge2 0-0 8. 0-0 Re8 9. h3 g6 10. g4 Bf8 11. Ng3 Bg7 12. Be3 Nd7 13. Qd2 Nb6 14. f5 Nd4 15. Bh6 Qh4 16. Bxg7 Kxg7 17. f6+ Kg8 18. Rac1 Nd7 19. Qf4 e5 20. Qf2 Nb6 21. Nd5 Ne6 22. Ne7+ Kh8 23. Ne2 Qxf2+ 24. Rxf2 Bd7 25. c4 Nc8 26. Nd5 Bc6 27. h4 h6 28. a3 a6 29. Kh2 b5 30. h5 g5 31. b4 Rb8 32. Rff1 Kh7 33. Rc2 bxc4 34. dxc4 Rb7 35. Ra1 Ba4 36. Rcc1 Nb6 37. Ne3 Bc6 38. Nf5 Nc8 39. Rab1 Bd7 40. Rd1 Nd4 41. Nexd4 cxd4 42. Rbc1 Re6 43. c5 dxc5 44. Rxc5 Rxf6 45. Rxe5 Bxf5 46. gxf5 Rd7 47. Rd5 Rxd5 48. exd5 Rxf5 49. Be4 Nd6 50. Bxf5+ Nxf5 51. d6 Nxd6 52. Rxd4 Nb5 53. Rd3 Kg7 54. a4 Na7 55. Rd6 a5 56. Ra6 1-0